|
|
|
|
| LEADER |
01092cam a2200313Ia 4500 |
| 001 |
9780203194393 |
| 003 |
FlBoTFG |
| 005 |
20091230162919.0 |
| 006 |
a|||||s||||||||||| |
| 007 |
cr|||| |
| 008 |
970512s1998 enka sb 001 0 eng d |
| 020 |
|
|
|a 9780203194393 (e-book : PDF)
|
| 040 |
|
|
|a FlBoTFG
|c FlBoTFG
|d GrThAP
|
| 090 |
|
|
|a GN70
|b .M39 1998
|
| 092 |
|
|
|a 599.94
|b M474
|
| 100 |
1 |
|
|a Mays, Simon.
|
| 245 |
1 |
4 |
|a The archaeology of human bones
|h [electronic resource] /
|c Simon Mays.
|
| 260 |
|
|
|a London ;
|a New York :
|b Routledge,
|c 1998.
|
| 300 |
|
|
|a xi, 242 p. :
|b ill.
|
| 500 |
|
|
|a Errata slip mounted on p. xi.
|
| 504 |
|
|
|a Includes bibliographical references (p. [225]-239) and index.
|
| 530 |
|
|
|a Also available in print edition.
|b CRC Press (http://www.crcpress.com)
|
| 538 |
|
|
|a Mode of access: World Wide Web.
|
| 650 |
|
0 |
|a Anthropometry.
|
| 650 |
|
0 |
|a Human remains (Archaeology)
|x Methodology.
|
| 650 |
|
0 |
|a Paleopathology.
|
| 655 |
|
7 |
|a Electronic books.
|2 lcsh
|
| 776 |
1 |
|
|z 9780415166218
|
| 856 |
4 |
0 |
|u http://www.tandfebooks.com/isbn/9780203194393
|z Full Text via HEAL-Link
|